000 00532nam a2200181Ia 4500
008 100917s9999 xx 000 0 und d
082 _b31988
100 _aशहाणे / शंकर / अशोक
245 _aमर्यादित
260 _bइनामदार बंधु प्रकाशन
_c1976
300 _a170
365 _b12
520 _aकादंबरी
630 _aमर्यादित
650 _aकादंबरी
730 _aमर्यादित
942 _cBOOK
999 _c637382
_d637379